Địa danh hành chính Thăng Long - Hà Nội : Từ đầu thế kỷ XIX đến nay
Khảo cứu về địa danh hành chính Thăng Long - Hà Nội gồm 4 giai đoạn: Địa danh hành chính Thăng Long - Hà Nội thế kỷ XIX, địa danh hành chính và đường phố Hà Nội thời kỳ thuộc Pháp, địa danh hành chính và đường phố Hà Nội giai đoạn 1945-1954 và...
Gespeichert in:
| 1. Verfasser: | |
|---|---|
| Format: | Buch |
| Sprache: | Undetermined |
| Veröffentlicht: |
Hà Nội
Nxb. Hà Nội
2019
|
| Schlagworte: | |
| Tags: |
Tag hinzufügen
Keine Tags, Fügen Sie den ersten Tag hinzu!
|
| Thư viện lưu trữ: | Trung tâm Học liệu Trường Đại học Cần Thơ |
|---|
| LEADER | 01317nam a2200217Ia 4500 | ||
|---|---|---|---|
| 001 | CTU_239878 | ||
| 008 | 210402s9999 xx 000 0 und d | ||
| 082 | |a 915.9731 | ||
| 082 | |b Th107 | ||
| 100 | |a Nguyễn, Thị Việt Thanh | ||
| 245 | 0 | |a Địa danh hành chính Thăng Long - Hà Nội : | |
| 245 | 0 | |b Từ đầu thế kỷ XIX đến nay | |
| 245 | 0 | |c Nguyễn Thị Việt Thanh (Chủ biên) | |
| 260 | |a Hà Nội | ||
| 260 | |b Nxb. Hà Nội | ||
| 260 | |c 2019 | ||
| 520 | |a Khảo cứu về địa danh hành chính Thăng Long - Hà Nội gồm 4 giai đoạn: Địa danh hành chính Thăng Long - Hà Nội thế kỷ XIX, địa danh hành chính và đường phố Hà Nội thời kỳ thuộc Pháp, địa danh hành chính và đường phố Hà Nội giai đoạn 1945-1954 và giai đoạn sau năm 1954; giới thiệu bảng tra cứu địa danh các đơn vị hành chính khu vực Thăng Long - Hà Nội từ 1802 tới nay và tên gọi đường phố Hà nội thời kỳ Pháp thuộc | ||
| 650 | |a Tên địa danh,Names, geographical | ||
| 650 | |x Lịch sử,History | ||
| 910 | |b nthai | ||
| 980 | |a Trung tâm Học liệu Trường Đại học Cần Thơ | ||